Missing Word: Authors Around the World Quiz Stats

 Plays Quiz Updated Mar 8, 2013

Support Sporcle.
Go Orange.
Score 0/42 Timer 07:00
0 Plays Today
Nation Missing Word % Correct
RussiaPeace
97.5%
United KingdomTwo
95.5%
FranceHunchback
94.3%
FranceUnder
94.1%
FranceMonte
93.4%
United KingdomLooking
92.9%
United StatesGatsby
91.9%
United KingdomEyre
89.8%
United KingdomTreasure
87.8%
RussiaDoctor
87.7%
United StatesScarlet
86.6%
GermanyWestern
86.3%
United StatesBadge
78.7%
FranceMadame
78.4%
United StatesFarewell
76.2%
United StatesGlass
72.3%
United StatesFury
71.3%
RussiaBrothers
70.7%
United KingdomLight
70.3%
GermanyCommunist
68.3%
United KingdomWives
67.9%
Nation Missing Word % Correct
United KingdomPark
61.8%
South AfricaBeloved
42.8%
South AfricaWalk
42.2%
South AfricaAnother
40%
GermanyThus
39.6%
RussiaUncle
39.4%
FranceRed
38.6%
United StatesMy
38%
RussiaArchipelago
25.1%
FranceExit
23.7%
GermanyDrum
23.1%
RussiaOnegin
21.7%
South AfricaPower
18.9%
GermanyMagic
16.4%
GermanySorrows
10.5%
GermanyGame
9%
RussiaGovernment
7.6%
South AfricaFruit
6.5%
FranceMeditations
6.5%
South AfricaPeople
5.3%
South AfricaAge
3.6%

Today's Daily Dose

Missing Word
'80s Musicals

Word Ladder
Hereditary

Get the Picture
Food Names

From the Vault

Movie Cast Match (1986)

by MasterKGlas

Movies 8m
Life moves pretty fast. If you don't stop and Sporcle once in a while, you could miss it.
Remove Ads.
Support Sporcle.
Get the best of Sporcle when you Go Orange. This ad-free experience offers more features, more stats, and more fun while also helping to support Sporcle. Thank you for becoming a member.

Show Comments

Extras

Top Quizzes Today


Score Distribution

Your Account Isn't Verified!

In order to create a playlist on Sporcle, you need to verify the email address you used during registration. Go to your Sporcle Settings to finish the process.

Report this User

Report this user for behavior that violates our Community Guidelines.

Details: